00398nam a2200097Ia 4500008004100000040002900041050002600070100002500096245014800121260003100269230222s9999||||xx |||||||||||||| ||und|| cChuka University Library aTHE LB 1620bK36 2010 aKamoyo,John Mwithali 0aEffectiveness of guidance and counselling programmes in maintenance of students discipline in secondary schools in Igembe north district -Kenya aCUbChuka Universityc2010